000
00254nam a2200109Ia 4500
008
190216s9999||||xx |||||||||||||| ||und||
100
_a
Sharma Gl & Nigam Bm
245
0
_a
Cost Accounting
260
_b
Kalyani Pub
_c
1982
300
_a
919p
942
_c
BK
999
_c
4851
_d
4851